MARC

LEADER 00000nam0a2200000 4500
001 160654
005 20231031155629.0
035 |a (RuTPU)RU\TPU\book\174226 
090 |a 160654 
100 |a 20090526d1965 m y0rusy50 ca 
101 0 |a rus 
102 |a RU 
105 |a a z 001zy 
200 1 |a Автоматизация питательных насосов  |e обзор  |f Г. В. Малевинский  |g Государственный трест по организации и рационализации районных электрических электрических станций и сетей (ОРГРЭС) 
210 |a Москва  |d 1965 
215 |a 32 с.  |c черт. 
225 1 |a Энергетика за рубежом 
320 |a Библиогр.: с. 31-32. 
610 1 |a водяные насосы 
610 1 |a автоматизация 
610 1 |a иностранный опыт 
610 1 |a тепловые электрические станции 
610 1 |a насосные установки 
675 |a 621.187.12  |v 3 
700 1 |a Малевинский  |b Г. В. 
712 0 2 |a Всесоюзный государственный трест по организации и рационализации районных электрических станций и сетей (ОРГРЭС)  |c (Москва)  |c (1939-1977)  |2 stltpush  |3 (RuTPU)RU\TPU\col\8705 
801 1 |a RU  |b 63413507  |c 20090526  |g PSBO 
801 2 |a RU  |b 63413507  |c 20101028  |g RCR 
942 |c BK